000 00262nam a22001217a 4500
003 SGT
082 _a336.24
_bIYE
100 _aIYENGAR ,SAMPATH
245 _aLAW OF INCOME TAX
260 _aCALCUTTA
_bEASTERN LAW HOUSE
_c1963
300 _a 1868
942 _2ddc
_cBK
999 _c20761
_d20761